Państwa bez niektórych liter #3 - Statystyki

Ogólne statystyki
  • Ten quiz został rozwiązany 89 razy
  • Średni wynik to 5 z 6
Statystyki odpowiedzi
Hint Odpowiedź % Poprawnych
_ra_yli_a Brazylia
93%
P_ki_ta_ Pakistan
92%
S_mo_ Samoa
89%
__sp_ Ś___t_g_ __ma__a i __ią_ę_a Wyspy Świętego Tomasza i Książęca
81%
__rib_t_ Kiribati
75%
_nt__u_ i _ar_ud_ Antigua i Barbuda
60%
Nie znaleziono quizów pasujących do podanych kryteriów
Rozkład punktacji
Procent ludzi z każdym wynikiem
Percentyl według liczby udzielonych odpowiedzi
Twoja historia wyników
Nie rozwiązałeś tego quizu